Invasion of privacy/ Christopher Reich.
Available copies
- 1 of 1 copy available at LARL/NWRL Consortium. (Show)
- 1 of 1 copy available at Lake Agassiz Regional Library.
Current holds
0 current holds with 1 total copy.
Show Only Available Copies
| Location | Call Number / Copy Notes | Barcode | Shelving Location | Status | Due Date |
|---|---|---|---|---|---|
| Moorhead Public Library | REI (Text) | 33500012088662 | Main | Available | - |
Record details
- ISBN: 9780385531573 (hardcover)
- ISBN: 0385531575 (hardcover)
- ISBN: 9780385531566 (ebook)
- ISBN: 0385531567 (ebook)
- Physical Description: pages ; cm
- Edition: First edition.
- Publisher: New York : Doubleday, 2015.
Search for related items by subject
| Genre: | Suspense fiction. |
| LDR | 01439cam a22004098i 4500 | ||
|---|---|---|---|
| 001 | 175121 | ||
| 003 | LARL_NWRL_CONSORTIUM | ||
| 005 | 20150202091327.0 | ||
| 008 | 140915s2015 nyu 000 1 eng | ||
| 010 | . | ‡a2014027364 | |
| 019 | . | ‡a891854088 | |
| 020 | . | ‡a9780385531573 (hardcover) | |
| 020 | . | ‡a0385531575 (hardcover) | |
| 020 | . | ‡a9780385531566 (ebook) | |
| 020 | . | ‡a0385531567 (ebook) | |
| 035 | . | ‡a(OCoLC)890807672 ‡z(OCoLC)891854088 | |
| 040 | . | ‡aDLC ‡beng ‡erda ‡cDLC ‡dOCLCO ‡dYDXCP ‡dBTCTA ‡dBDX | |
| 042 | . | ‡apcc | |
| 050 | 0 | 0. | ‡aPS3568.E476284 ‡bI58 2015 |
| 082 | 0 | 0. | ‡a813/.54 ‡223 |
| 100 | 1 | . | ‡aReich, Christopher, ‡d1961- ‡0(LARL_NWRL_CONSORTIUM)124791 |
| 245 | 1 | 0. | ‡aInvasion of privacy/ ‡cChristopher Reich. |
| 250 | . | ‡aFirst edition. | |
| 260 | . | ‡aNew York : ‡bDoubleday, ‡c2015. | |
| 300 | . | ‡apages ; cm | |
| 336 | . | ‡atext ‡btxt ‡2rdacontent | |
| 337 | . | ‡aunmediated ‡bn ‡2rdamedia | |
| 338 | . | ‡avolume ‡bnc ‡2rdacarrier | |
| 655 | 7. | ‡aSuspense fiction. ‡2gsafd | |
| 948 | . | ‡hNO HOLDINGS IN LAL - 13 OTHER HOLDINGS | |
| 994 | . | ‡aZ0 ‡bLAL | |
| 901 | . | ‡a175121 ‡bOCLC ‡c175121 ‡tbiblio | |

Add to basket
Permalink
Disable Highlighting